[Event "Ricany op-A"]
[Site "Ricany"]
[Date "2006.08.30"]
[Round "7"]
[White "Novak, Jindrich"]
[Black "Plhacek, Vaclav"]
[Result "1-0"]
[WhiteElo "1966"]
[BlackElo "1880"]
[PlyCount "141"]
[EventDate "2006.08.24"]
[EventType "swiss"]
[EventRounds "9"]
[EventCountry "CZE"]
[SourceTitle "EXT 2007"]
[Source "ChessBase"]
[SourceDate "2006.11.23"]
[SourceVersion "1"]
[SourceVersionDate "2006.11.23"]
[SourceQuality "1"]

1. d3 d5 2. e4 dxe4 3. dxe4 Qxd1+ 4. Kxd1 Nf6 5. f3 e6 6. Be3 Nbd7 7. c3 Be7 8. Nd2 0-0 9. Ne2 Rd8 10. Kc2 a6 11. Nb3 c5 12. Na5 Ne5 13. Nf4 b6 14. Nc4 Nxc4 15. Bxc4 Bb7 16. a4 Ne8 17. e5 Nc7 18. Bd3 Rd7 19. Be4 Bxe4+ 20. fxe4 Rad8 21. Rad1 Kf8 22. a5 Rxd1 23. Rxd1 Rxd1 24. Kxd1 bxa5 25. Kc2 Na8 26. c4 Nb6 27. b3 Ke8 28. Nd3 Nd7 29. Kb2 Kd8 30. Ka3 Kc7 31. Ka4 Kb6 32. Bd2 f6 33. Bxa5+ Kc6 34. Bc3 Kb6 35. h3 fxe5 36. Nxe5 Nxe5 37. Bxe5 Bf6 38. Bd6 Bd4 39. Be7 Bc3 40. Bd8+ Kc6 41. g4 g6 42. Bh4 Bd2 43. Ka3 h6 44. Kb2 Bf4 45. Be7 Bd6 46. Bf6 Bf4 47. Kc2 Kd6 48. Kd3 Be5 49. Bd8 Kd7 50. Ba5 Kd6 51. Bd2 h5 52. gxh5 gxh5 53. Ke2 Ke7 54. Be3 Bd6 55. e5 Bxe5 56. Bxc5+ Kf6 57. Be3 Bc3 58. Kd3 Ba5 59. Ke4 Bb4 60. Bd4+ Ke7 61. Kf4 Bd2+ 62. Be3 Be1 63. Kg5 h4 64. Kg4 Kd6 65. Bg5 Ke5 66. Bxh4 Bb4 67. Bd8 Kd4 68. h4 Kc3 69. h5 Kxb3 70. Bf6 Bf8 71. c5 1-0

[Event "Ricany op-A"]
[Site "Ricany"]
[Date "2006.08.26"]
[Round "3"]
[White "Nepustil, Frantisek"]
[Black "Plhacek, Vaclav"]
[Result "1-0"]
[WhiteElo "1995"]
[BlackElo "1880"]
[PlyCount "60"]
[EventDate "2006.08.24"]
[EventType "swiss"]
[EventRounds "9"]
[EventCountry "CZE"]
[SourceTitle "EXT 2007"]
[Source "ChessBase"]
[SourceDate "2006.11.23"]
[SourceVersion "1"]
[SourceVersionDate "2006.11.23"]
[SourceQuality "1"]

1. e4 d6 2. d4 Nf6 3. Nc3 c6 4. f3 Nbd7 5. Be3 e5 6. Nge2 Be7 7. Qd2 0-0 8. g4 exd4 9. Nxd4 Ne5 10. Be2 Qc7 11. h4 Rd8 12. h5 Bf8 13. Bg5 Be7 14. 0-0-0 b5 15. Rdg1 a5 16. Nf5 b4 17. Nd1 a4 18. f4 Bxf5 19. Bxf6 Bxe4 20. Bxe7 Bxh1 21. Bxd8 Rxd8 22. Rxh1 Nd7 23. Qxb4 Nc5 24. g5 Rb8 25. Qa3 Qe7 26. Bf3 Qc7 27. h6 Ne6 28. Qxa4 c5 29. Bd5 Qe7 30. Qc4 Rb4 1-0

[Event "CZE-chT3A Middle 0506  "]
[Site "Czech Republic"]
[Date "2006.04.02"]
[Round "11.2"]
[White "Plhacek, Vaclav"]
[Black "Stolz, Lubor"]
[Result "0-1"]
[WhiteElo "1876"]
[BlackElo "1967"]
[PlyCount "88"]
[EventDate "2005.10.30"]
[EventType "team"]
[EventRounds "11"]
[EventCountry "CZE"]
[SourceTitle "EXT 2009"]
[Source "ChessBase"]
[SourceDate "2008.11.26"]
[SourceVersion "1"]
[SourceVersionDate "2008.11.26"]
[SourceQuality "1"]

1. e4 d6 2. d4 Nf6 3. Nc3 g6 4. Be2 Bg7 5. Be3 Nc6 6. Qd2 e5 7. d5 Ne7 8. Bh6 Bxh6 9. Qxh6 Rf8 10. 0-0-0 Bd7 11. Qg5 Neg8 12. f4 h6 13. Qg3 exf4 14. Qxf4 Qe7 15. Qe3 Ng4 16. Bxg4 Bxg4 17. Re1 Qg5 18. Qxg5 hxg5 19. h4 0-0-0 20. hxg5 Rde8 21. Nf3 Kd8 22. Kd2 a6 23. Rh4 f5 24. Nd4 Rf7 25. Ne6+ Kd7 26. Ne2 Bxe2 27. Rxe2 c6 28. c4 Ne7 29. Rh6 fxe4 30. Rxe4 cxd5 31. cxd5 Nxd5 32. Rxg6 Rfe7 33. Rh4 Rxe6 34. Rg7+ R8e7 35. Rhh7 Re2+ 36. Kd3 Rxg2 37. g6 Rxg7 38. Rxg7+ Ne7 39. b4 Rxg6 40. Rh7 b5 41. Rh8 Nd5 42. a3 Rg3+ 43. Kd4 Kc6 44. Rc8+ Nc7 0-1

[Event "CZE-chT3A Middle 0506  "]
[Site "Czech Republic"]
[Date "2006.03.19"]
[Round "10.2"]
[White "Novotny, Roman"]
[Black "Plhacek, Vaclav"]
[Result "1-0"]
[WhiteElo "2023"]
[BlackElo "1876"]
[PlyCount "81"]
[EventDate "2005.10.30"]
[EventType "team"]
[EventRounds "11"]
[EventCountry "CZE"]
[SourceTitle "EXT 2009"]
[Source "ChessBase"]
[SourceDate "2008.11.26"]
[SourceVersion "1"]
[SourceVersionDate "2008.11.26"]
[SourceQuality "1"]

1. Nf3 Nf6 2. g3 d5 3. Bg2 e6 4. c4 Bd6 5. d4 0-0 6. 0-0 Re8 7. Nc3 c6 8. b3 Nbd7 9. Bb2 Rb8 10. Qd3 Qe7 11. Rfe1 Ba3 12. Bxa3 Qxa3 13. e4 dxe4 14. Nxe4 Qf8 15. Ne5 Rd8 16. Qe3 Nxe4 17. Bxe4 Nf6 18. Bg2 Bd7 19. g4 Be8 20. g5 Nd7 21. c5 Qe7 22. Rad1 Nxe5 23. dxe5 b6 24. b4 bxc5 25. bxc5 Rb5 26. Rd6 Rxd6 27. cxd6 Qb7 28. Rc1 Rb1 29. a3 Bd7 30. h3 Rxc1+ 31. Qxc1 Qb6 32. Qe3 Kf8 33. Bf3 Ke8 34. Qe4 g6 35. Qh4 Kd8 36. Qxh7 Be8 37. Qh8 Qb1+ 38. Kg2 Qf5 39. h4 Kd7 40. Qf8 Kc8 41. Qxe8+ 1-0

[Event "CZE-chT3A Middle 0506  "]
[Site "Czech Republic"]
[Date "2005.11.13"]
[Round "2.2"]
[White "Plhacek, Vaclav"]
[Black "Duran, Tomas"]
[Result "1/2-1/2"]
[WhiteElo "1876"]
[BlackElo "2152"]
[PlyCount "79"]
[EventDate "2005.10.30"]
[EventType "team"]
[EventRounds "11"]
[EventCountry "CZE"]
[SourceTitle "EXT 2009"]
[Source "ChessBase"]
[SourceDate "2008.11.26"]
[SourceVersion "1"]
[SourceVersionDate "2008.11.26"]
[SourceQuality "1"]

1. e4 g6 2. d4 Bg7 3. Nc3 d6 4. Be3 Nf6 5. Be2 0-0 6. h4 h5 7. f3 e5 8. Qd2 exd4 9. Bxd4 Nc6 10. Be3 Ne5 11. 0-0-0 Re8 12. Nh3 Bxh3 13. Rxh3 Qd7 14. Bh6 Bh8 15. Nd5 Nxd5 16. Qxd5 Qe6 17. Bg5 a6 18. Rhh1 Bg7 19. Rhe1 Qxd5 20. Rxd5 Nc6 21. c3 Be5 22. Rh1 Kg7 23. Kc2 f6 24. Bc1 Ne7 25. Rdd1 f5 26. Bd3 f4 27. Bc4 Rad8 28. b3 b5 29. Bd3 d5 30. c4 dxc4 31. bxc4 Nc6 32. Kb3 Nd4+ 33. Kb4 Rb8 34. c5 Nc6+ 35. Kb3 Nd4+ 36. Kb4 Nc6+ 37. Kb3 a5 38. Bb2 a4+ 39. Kc2 Nb4+ 40. Kb1 1/2-1/2

[Event "CZE-chT3A Middle 0506  "]
[Site "Czech Republic"]
[Date "2005.10.30"]
[Round "1.2"]
[White "Kopriva, Petr"]
[Black "Plhacek, Vaclav"]
[Result "1/2-1/2"]
[WhiteElo "1955"]
[BlackElo "1876"]
[PlyCount "47"]
[EventDate "2005.10.30"]
[EventType "team"]
[EventRounds "11"]
[EventCountry "CZE"]
[SourceTitle "EXT 2009"]
[Source "ChessBase"]
[SourceDate "2008.11.26"]
[SourceVersion "1"]
[SourceVersionDate "2008.11.26"]
[SourceQuality "1"]

1. e4 d6 2. d4 Nf6 3. Bd3 c6 4. Ne2 e5 5. c3 Be7 6. 0-0 Qb6 7. Kh1 Nbd7 8. Nd2 d5 9. f3 0-0 10. Bc2 Rd8 11. exd5 Nxd5 12. Nc4 Qc7 13. Qe1 b5 14. Nxe5 Nxe5 15. dxe5 Qxe5 16. Nd4 Qf6 17. Qe4 g6 18. Bd2 Bb7 19. Rad1 Rac8 20. Qg4 h5 21. Qg3 Bd6 22. Qg5 Qxg5 23. Bxg5 Re8 24. Rfe1 1/2-1/2